[Event "Bad Woerishofen op"]
[Site "?"]
[Date "2000.??.??"]
[Round "7"]
[White "Traub, Heinrich"]
[Black "Schmitt, Karl"]
[Result "1-0"]
[WhiteElo "1679"]
[BlackElo "1826"]
[PlyCount "71"]
[EventDate "2000.??.??"]

1. e4 c5 2. c3 Nf6 3. e5 Nd5 4. Nf3 e6 5. d4 cxd4 6. cxd4 Qc7 7. Nc3 Nxc3 8.
bxc3 Qxc3+ 9. Bd2 Qa3 10. Qc2 Nc6 11. Rb1 Bb4 12. Bd3 Bxd2+ 13. Qxd2 d5 14. O-O
h6 15. Rfc1 Qe7 16. Rb3 O-O 17. Bb1 f5 18. g3 g5 19. h4 g4 20. Ne1 Kg7 21. Ng2
Qe8 22. Nf4 b6 23. Rbc3 Bb7 24. Bc2 b5 25. Rc5 a6 26. Bd1 Rc8 27. a4 Na7 28.
axb5 Rxc5 29. Rxc5 axb5 30. Qa5 Nc6 31. Qxb5 Rf7 32. Ba4 Rc7 33. Qb6 Qd7 34.
Nxe6+ Qxe6 35. Qxc7+ Kg6 36. Bxc6 1-0

[Event "Bad Woerishofen op"]
[Site "?"]
[Date "2000.??.??"]
[Round "9"]
[White "Traub, Heinrich"]
[Black "Sepp, Lothar"]
[Result "0-1"]
[WhiteElo "1679"]
[BlackElo "1877"]
[PlyCount "62"]
[EventDate "2000.??.??"]

1. e4 e6 2. d4 d5 3. Nc3 Nf6 4. e5 Nfd7 5. Nf3 c5 6. Ne2 Nc6 7. c3 b6 8. Ng3
Be7 9. Bb5 Bb7 10. O-O O-O 11. Qa4 Qc7 12. Qd1 Rfc8 13. Nh5 a6 14. Bd3 cxd4 15.
cxd4 Nb4 16. Bb1 Nc2 17. Qd3 Nf8 18. Bxc2 Qxc2 19. Qe3 a5 20. Ng5 Ba6 21. Qf3
Bxg5 22. Bxg5 Qg6 23. h4 Bxf1 24. g4 Ba6 25. Nxg7 Kxg7 26. Bf6+ Kg8 27. Qf4 h5
28. Kh2 hxg4 29. Rg1 Be2 30. Kg3 Qd3+ 31. f3 Qxf3+ 0-1

[Event "Bad Woerishofen op"]
[Site "Bad Woerishofen"]
[Date "2000.??.??"]
[Round "1"]
[White "Urban, Rudi"]
[Black "Fries, Werner"]
[Result "1/2-1/2"]
[WhiteElo "2125"]
[BlackElo "1588"]
[PlyCount "31"]
[EventDate "1998.03.05"]
[Source "ChessBase"]
[SourceDate "1998.04.29"]

1. d4 Nf6 2. Nf3 d5 3. Bf4 Bf5 4. Nbd2 Nbd7 5. e3 c6 6. c3 g6 7. Qb3 Qc8 8. Be2
Bg7 9. h3 O-O 10. Ne5 Nxe5 11. Bxe5 Nd7 12. Bxg7 Kxg7 13. g4 Be6 14. Qc2 c5 15.
O-O-O c4 16. f4 1/2-1/2

[Event "Bad Woerishofen op"]
[Site "?"]
[Date "2000.??.??"]
[Round "3"]
[White "Urban, Rudi"]
[Black "Stumpf, Heinz"]
[Result "0-1"]
[WhiteElo "2125"]
[BlackElo "2285"]
[PlyCount "44"]
[EventDate "2000.??.??"]

1. c4 c6 2. Nc3 d5 3. cxd5 cxd5 4. d4 Nf6 5. e3 Nc6 6. Nf3 Bf5 7. Bb5 e6 8. Ne5
Rc8 9. Qa4 Qb6 10. Qb3 Bd6 11. Bxc6+ bxc6 12. Qxb6 axb6 13. Nf3 Bd3 14. Kd2 Ba6
15. a3 Ke7 16. h3 c5 17. b3 Ne4+ 18. Nxe4 dxe4 19. dxc5 Bb8 20. Ng5 Rhd8+ 21.
Ke1 Be5 22. Ra2 f5 0-1

[Event "Bad Woerishofen op"]
[Site "?"]
[Date "2000.??.??"]
[Round "5"]
[White "Urban, Rudi"]
[Black "Krotofil, Kurt"]
[Result "0-1"]
[WhiteElo "2125"]
[BlackElo "1923"]
[PlyCount "124"]
[EventDate "2000.??.??"]

1. c4 Nf6 2. g3 e6 3. Bg2 d5 4. Nf3 Be7 5. O-O O-O 6. b3 Nbd7 7. Bb2 Ne4 8. d3
Bf6 9. Bxf6 Qxf6 10. Na3 Nd6 11. Qc2 c6 12. e4 d4 13. c5 Ne8 14. b4 a5 15. b5
e5 16. b6 Qe7 17. Rfc1 g6 18. Nb1 Ng7 19. Bh3 Nxb6 20. Bxc8 Nxc8 21. a4 f5 22.
exf5 Rxf5 23. Nfd2 Ne8 24. Ne4 Kg7 25. Nbd2 Nf6 26. Nxf6 Qxf6 27. Ne4 Qe6 28.
Rab1 Rb8 29. Kg2 Rh5 30. f3 Ne7 31. h4 Nd5 32. Re1 Ne3+ 33. Rxe3 dxe3 34. Qe2
Rf5 35. Rb2 Qd5 36. Qxe3 Qd4 37. Qe2 Rf7 38. h5 Rd7 39. Ng5 Re8 40. h6+ Kxh6
41. Ne4 Kg7 42. Rd2 h6 43. Qd1 Rf8 44. Rf2 Qe3 45. Qb3 Qxd3 46. Qe6 Qd5 47. Qg4
Qf7 48. Nd6 Qe7 49. Rd2 Kh7 50. Re2 Rxd6 51. cxd6 Qxd6 52. Qc4 Kg7 53. Qc3 Qd4
54. Qb3 Rf7 55. Qe6 Qd5 56. Qxd5 cxd5 57. Rxe5 Rd7 58. Kf2 Kf6 59. f4 g5 60.
Ke3 Re7 61. Kd4 Rxe5 62. fxe5+ Ke6 0-1

[Event "Bad Woerishofen op"]
[Site "?"]
[Date "2000.??.??"]
[Round "7"]
[White "Urban, Rudi"]
[Black "Hopp, Guenter"]
[Result "1-0"]
[WhiteElo "2125"]
[BlackElo "1850"]
[PlyCount "93"]
[EventDate "2000.??.??"]

1. d4 Nf6 2. Nf3 e6 3. Bf4 b6 4. Nbd2 Bb7 5. e3 Be7 6. Bd3 d6 7. Qe2 a5 8. O-O
Nh5 9. Bg3 Nd7 10. e4 Nxg3 11. fxg3 e5 12. c3 Bf6 13. Bc4 Qe7 14. Rae1 Nf8 15.
dxe5 dxe5 16. Kh1 Ne6 17. Bd5 c6 18. Bc4 b5 19. Bxe6 Qxe6 20. Nb3 Be7 21. Qe3
O-O 22. Nc5 Bxc5 23. Qxc5 f6 24. a3 Rfd8 25. Qb6 Qe7 26. Rd1 a4 27. g4 Rd7 28.
Rxd7 Qxd7 29. g5 c5 30. gxf6 Rf8 31. Nxe5 Qc8 32. f7+ Kh8 33. Ng6+ hxg6 34.
Qxg6 Qc6 35. Qh5+ Qh6 36. Qxc5 g6 37. Qe5+ Kh7 38. Qe7 Bc8 39. e5 Bf5 40. e6
Kg7 41. Qc5 Bxe6 42. Qe5+ Kh7 43. Qxe6 Qd2 44. Qf6 Qxb2 45. h3 g5 46. Qxg5 Qxc3
47. Rf6 1-0

[Event "Bad Woerishofen op"]
[Site "?"]
[Date "2000.??.??"]
[Round "9"]
[White "Urban, Rudi"]
[Black "Santner, Thomas"]
[Result "1/2-1/2"]
[WhiteElo "2125"]
[BlackElo "1939"]
[PlyCount "41"]
[EventDate "2000.??.??"]

1. d4 Nf6 2. Nf3 g6 3. c4 Bg7 4. Nc3 O-O 5. Bg5 d6 6. e3 Nbd7 7. Be2 c5 8. O-O
h6 9. Bxf6 Bxf6 10. Qd2 b6 11. e4 Bg7 12. d5 a6 13. Bd3 Qc7 14. Rae1 Kh7 15.
Nd1 Rb8 16. Ne3 Ne5 17. Nxe5 Bxe5 18. Kh1 b5 19. b3 b4 20. Qe2 Bc3 21. Rd1
1/2-1/2

[Event "Bad Woerishofen op"]
[Site "Bad Woerishofen"]
[Date "2000.??.??"]
[Round "1"]
[White "Valent, Peter"]
[Black "Enders, Peter"]
[Result "0-1"]
[WhiteElo "2065"]
[BlackElo "2493"]
[PlyCount "70"]
[EventDate "1998.03.05"]
[Source "ChessBase"]
[SourceDate "1998.04.29"]

1. e4 c5 2. Nf3 d6 3. d4 cxd4 4. Nxd4 Nf6 5. Nc3 a6 6. Bg5 e6 7. f4 Nbd7 8. Qf3
Qc7 9. O-O-O Be7 10. g4 b5 11. Bxf6 Nxf6 12. g5 Nd7 13. f5 Nc5 14. f6 gxf6 15.
gxf6 Bf8 16. Rg1 h5 17. Rg7 b4 18. Nd5 exd5 19. exd5 Bg4 20. Qe3+ Kd8 21. Re1
Kc8 22. Kb1 Bxg7 23. fxg7 Rg8 24. Nc6 Kb7 25. Nxb4 Rxg7 26. Nc6 Bd7 27. Qc3 Rg4
28. Bh3 Re8 29. Rxe8 Bxe8 30. Bxg4 hxg4 31. Na5+ Kc8 32. Nc4 Ne4 33. Qb4 f5 34.
Nb6+ Kd8 35. c4 Qc5 0-1

[Event "Bad Woerishofen op"]
[Site "?"]
[Date "2000.??.??"]
[Round "3"]
[White "Valent, Peter"]
[Black "Kuempers, Ulrich"]
[Result "1-0"]
[WhiteElo "2065"]
[BlackElo "2210"]
[PlyCount "83"]
[EventDate "2000.??.??"]

1. e4 c6 2. d4 d5 3. exd5 cxd5 4. Bd3 Nc6 5. c3 Nf6 6. Bf4 Bg4 7. Qb3 Qd7 8.
Nd2 e6 9. Ngf3 Bxf3 10. Nxf3 Bd6 11. Bxd6 Qxd6 12. Qxb7 O-O 13. Qa6 Rab8 14.
Bb5 Rb6 15. Qa4 Ne7 16. b3 Ne4 17. Rc1 Rc8 18. Bd3 Ng6 19. Bxe4 dxe4 20. Nd2
Nf4 21. Nxe4 Qd5 22. f3 Nd3+ 23. Kd2 Nxc1 24. Rxc1 f5 25. Nc5 h6 26. Qc4 Qxc4
27. bxc4 Kf7 28. Nd3 Kf6 29. c5 Ra6 30. Rc2 Rb8 31. Kc1 g5 32. Rb2 Rxb2 33.
Kxb2 h5 34. Nb4 Ra5 35. Kb3 g4 36. f4 h4 37. c4 Kf7 38. a4 Ke8 39. Nc6 Ra6 40.
Nb8 h3 41. g3 Ra5 42. Kb4 1-0

[Event "Bad Woerishofen op"]
[Site "?"]
[Date "2000.??.??"]
[Round "5"]
[White "Valent, Peter"]
[Black "Grotz, Stephan"]
[Result "1/2-1/2"]
[WhiteElo "2065"]
[BlackElo "2204"]
[PlyCount "76"]
[EventDate "2000.??.??"]

1. e4 c5 2. Nc3 d6 3. Nf3 Nc6 4. d4 cxd4 5. Nxd4 Nf6 6. Bc4 e5 7. Nde2 Be7 8.
O-O O-O 9. a3 a6 10. Bg5 b5 11. Ba2 Bb7 12. Bxf6 Bxf6 13. Nd5 Rc8 14. Nxf6+
Qxf6 15. Bd5 Qe7 16. Qd2 Qc7 17. b4 Rfd8 18. c3 Ne7 19. Bxb7 Qxb7 20. Ng3 d5
21. Qe3 Ng6 22. Rfd1 f6 23. exd5 Rxd5 24. Qe4 Rcd8 25. Rxd5 Qxd5 26. Qxd5+ Rxd5
27. Ne4 Nf4 28. Kf1 Kf7 29. g3 Ne6 30. Ke2 f5 31. Nd2 Rd6 32. a4 Rc6 33. axb5
axb5 34. Ra3 Kf6 35. f3 Nc7 36. Kd3 Ke6 37. Ra5 Rd6+ 38. Kc2 Rc6 1/2-1/2

[Event "Bad Woerishofen op"]
[Site "?"]
[Date "2000.??.??"]
[Round "7"]
[White "Valent, Peter"]
[Black "Seifert, Dierk"]
[Result "0-1"]
[WhiteElo "2065"]
[BlackElo "2167"]
[PlyCount "88"]
[EventDate "2000.??.??"]

1. e4 e6 2. d4 d5 3. exd5 exd5 4. Nf3 Bd6 5. c4 c6 6. Nc3 Nf6 7. Bg5 O-O 8. c5
Re8+ 9. Be2 Bc7 10. O-O Nbd7 11. Bd3 Nf8 12. Qc2 Bg4 13. Nh4 h6 14. Be3 Ne4 15.
Bxe4 Bxh2+ 16. Kxh2 Qxh4+ 17. Kg1 dxe4 18. Nxe4 Bf5 19. f3 Bxe4 20. fxe4 Qxe4
21. Qxe4 Rxe4 22. Bf2 Rae8 23. b4 Re2 24. Rfe1 Rxe1+ 25. Rxe1 Rxe1+ 26. Bxe1
Ne6 27. Bf2 Nc7 28. Kf1 Nd5 29. a3 Kf8 30. Ke2 Ke7 31. Bg3 Ke6 32. Kd3 a6 33.
Bd6 h5 34. g3 g5 35. Ke4 Nc3+ 36. Kd3 Nb5 37. Bf8 Nxa3 38. Bh6 f6 39. Bg7 Nb5
40. Kc4 Nc7 41. Bf8 Nd5 42. Bd6 h4 43. gxh4 gxh4 44. Bh2 Ne3+ 0-1

[Event "Bad Woerishofen op"]
[Site "?"]
[Date "2000.??.??"]
[Round "9"]
[White "Valent, Peter"]
[Black "Wollsdorf, Friedrich"]
[Result "1-0"]
[WhiteElo "2065"]
[BlackElo "1773"]
[PlyCount "83"]
[EventDate "2000.??.??"]

1. e4 c5 2. Nf3 a6 3. d4 cxd4 4. Nxd4 Nf6 5. Nc3 e5 6. Nde2 Bc5 7. Qd3 Nc6 8.
a3 b5 9. Be3 Qb6 10. Bxc5 Qxc5 11. Nd5 Nxd5 12. Qxd5 Qxc2 13. b4 Bb7 14. f3 Rd8
15. Rc1 Qb2 16. Qd3 Nd4 17. Qc3 Qxc3+ 18. Nxc3 Rc8 19. Bd3 O-O 20. Na2 Rxc1+
21. Nxc1 Rc8 22. Kd2 d5 23. exd5 Bxd5 24. Ne2 Nb3+ 25. Ke3 g6 26. Rd1 Rd8 27.
Be4 Nd4 28. Bxd5 Rxd5 29. Nxd4 f5 30. f4 exd4+ 31. Rxd4 Rxd4 32. Kxd4 Kf7 33.
Kc5 h6 34. Kb6 g5 35. Kxa6 Ke6 36. Kxb5 gxf4 37. a4 f3 38. gxf3 Ke5 39. a5 Kf4
40. a6 Kxf3 41. a7 f4 42. a8=Q+ 1-0

[Event "Bad Woerishofen op"]
[Site "Bad Woerishofen"]
[Date "2000.??.??"]
[Round "1"]
[White "van Hoolandt, Patrick"]
[Black "Wassem, Michael"]
[Result "1-0"]
[WhiteElo "2098"]
[BlackElo "1258"]
[PlyCount "43"]
[EventDate "1998.03.05"]
[Source "ChessBase"]
[SourceDate "1998.04.29"]

1. c4 Nf6 2. g3 g6 3. Bg2 Bg7 4. Nc3 d6 5. Nf3 Nc6 6. O-O e5 7. d3 O-O 8. Rb1
Re8 9. Bg5 Bf5 10. Nd2 Qd7 11. b4 Bh3 12. Bxh3 Qxh3 13. Bxf6 Bxf6 14. e3 Ne7
15. Qf3 Qf5 16. Qxb7 Qxd3 17. Nde4 Kg7 18. Qxc7 Rec8 19. Qxd6 Qxd6 20. Nxd6 Rd8
21. Rfd1 Rd7 22. Ne8+ 1-0

[Event "Bad Woerishofen op"]
[Site "?"]
[Date "2000.??.??"]
[Round "3"]
[White "van Hoolandt, Patrick"]
[Black "Weber, Ludwig"]
[Result "1-0"]
[WhiteElo "2098"]
[BlackElo "1400"]
[PlyCount "63"]
[EventDate "2000.??.??"]

1. c4 Nf6 2. g3 e6 3. Nf3 c6 4. Bg2 Bb4 5. a3 Ba5 6. b4 Bc7 7. Bb2 d6 8. d4 Qe7
9. Nc3 Nbd7 10. O-O Nf8 11. e4 e5 12. d5 Bd7 13. Qd3 h6 14. Rfd1 g5 15. c5
O-O-O 16. Rac1 Ng6 17. cxd6 Qxd6 18. dxc6 Qxd3 19. cxb7+ Kxb7 20. Rxd3 Be6 21.
Nd5 Nxd5 22. exd5 Bf5 23. d6 Kb6 24. Nxe5 Nxe5 25. Bxe5 Rhe8 26. Bd4+ Ka6 27.
dxc7 Rd6 28. b5+ Kxb5 29. Rc5+ Ka4 30. Rxf5 Re1+ 31. Bf1 Rc1 32. Rc3 1-0

[Event "Bad Woerishofen op"]
[Site "?"]
[Date "2000.??.??"]
[Round "5"]
[White "van Hoolandt, Patrick"]
[Black "Schmitt, Karl"]
[Result "1-0"]
[WhiteElo "2098"]
[BlackElo "1826"]
[PlyCount "117"]
[EventDate "2000.??.??"]

1. c4 e5 2. Nc3 Nc6 3. g3 g6 4. Bg2 Bg7 5. d3 d6 6. Rb1 Be6 7. b4 Qd7 8. b5 Nd8
9. Nf3 h6 10. O-O Ne7 11. Nd2 Bh3 12. Nd5 Bxg2 13. Kxg2 O-O 14. e3 f5 15. f4
Ne6 16. Nf3 c6 17. bxc6 bxc6 18. Qa4 Rfc8 19. Ba3 Nxd5 20. cxd5 Nc5 21. Qc4 Kh7
22. fxe5 cxd5 23. Qxd5 dxe5 24. Qxd7 Nxd7 25. Rb7 Nc5 26. Bxc5 Rxc5 27. d4 Rc2+
28. Rf2 Rxf2+ 29. Kxf2 exd4 30. exd4 Kg8 31. Ke3 a5 32. Rb6 g5 33. Rb5 Re8+ 34.
Kd3 f4 35. gxf4 gxf4 36. Ne5 Bxe5 37. Rxe5 Rf8 38. Ke2 f3+ 39. Kf2 a4 40. Ra5
Rf4 41. Rxa4 Rh4 42. Kxf3 Rxh2 43. Ra7 Rh4 44. Ke3 Kf8 45. a4 Ke8 46. a5 Kd8
47. a6 Kc8 48. Rh7 Kb8 49. d5 Rh3+ 50. Ke4 Rh1 51. d6 Re1+ 52. Kf5 Rf1+ 53. Ke5
Re1+ 54. Kf6 Ra1 55. a7+ Ka8 56. d7 Rd1 57. Ke7 Re1+ 58. Kf8 Rd1 59. Ke8 1-0

[Event "Bad Woerishofen op"]
[Site "?"]
[Date "2000.??.??"]
[Round "7"]
[White "van Hoolandt, Patrick"]
[Black "Kroencke, Manfred"]
[Result "1/2-1/2"]
[WhiteElo "2098"]
[BlackElo "2175"]
[PlyCount "80"]
[EventDate "2000.??.??"]

1. c4 e6 2. Nf3 d5 3. g3 Nf6 4. Bg2 Be7 5. O-O O-O 6. b3 b6 7. Bb2 Bb7 8. e3 c5
9. Qe2 Nbd7 10. Nc3 dxc4 11. bxc4 Ne4 12. Nxe4 Bxe4 13. d3 Bc6 14. a4 Bf6 15.
Rfb1 Qc7 16. Bxf6 Nxf6 17. Ne1 Bxg2 18. Kxg2 Nd7 19. a5 f5 20. axb6 axb6 21. f4
Qc6+ 22. Qf3 Qxf3+ 23. Nxf3 h6 24. Kf2 Rfb8 25. Ne5 Nxe5 26. fxe5 Rxa1 27. Rxa1
b5 28. Rb1 b4 29. d4 Rc8 30. dxc5 Rxc5 31. Rxb4 Rxe5 32. Rb5 Re4 33. Rc5 Kf7
34. h4 Kf6 35. Kf3 g5 36. hxg5+ hxg5 37. Kf2 Ke7 38. Kf3 Kd7 39. Kf2 Kd6 40.
Rc8 Kd7 1/2-1/2

[Event "Bad Woerishofen op"]
[Site "?"]
[Date "2000.??.??"]
[Round "8"]
[White "van Hoolandt, Patrick"]
[Black "Sislian, Hanno"]
[Result "0-1"]
[WhiteElo "2098"]
[BlackElo "2250"]
[PlyCount "116"]
[EventDate "2000.??.??"]

1. c4 e5 2. Nc3 Nf6 3. g3 d5 4. cxd5 Nxd5 5. Bg2 Nb6 6. d3 Be7 7. a3 O-O 8. Nf3
Nc6 9. b4 Be6 10. O-O f6 11. Bb2 a5 12. b5 Nd4 13. Nxd4 exd4 14. Na4 Rb8 15.
Nxb6 cxb6 16. e3 Bc5 17. Re1 Bf7 18. Rc1 Qd6 19. Bxd4 Bxd4 20. exd4 Qxa3 21.
Rc7 Rfe8 22. Be4 g6 23. Qa1 Qxa1 24. Rxa1 Red8 25. d5 Bxd5 26. Bxd5+ Rxd5 27.
Re1 Re5 28. Rec1 Rc5 29. R1xc5 bxc5 30. b6 a4 31. Rxc5 Ra8 32. Rc2 a3 33. Ra2
Kf7 34. Kf1 Ke6 35. Ke2 Kd5 36. Kd2 Ra4 37. Kc2 Ra6 38. h3 Kc5 39. Kc3 Kxb6 40.
Kb4 Kc6 41. Kc4 b5+ 42. Kb4 Ra4+ 43. Kb3 Kd5 44. Kc3 Kc5 45. h4 h5 46. f3 Kd5
47. f4 f5 48. d4 Rc4+ 49. Kb3 Rxd4 50. Re2 Rd3+ 51. Kb4 Kd4 52. Re6 Rxg3 53.
Ra6 Ke4 54. Kxb5 Kxf4 55. Kc5 Kg4 56. Rxg6+ Kxh4 57. Ra6 Kg5 58. Kc4 h4 0-1

[Event "Bad Woerishofen op"]
[Site "Bad Woerishofen"]
[Date "2000.??.??"]
[Round "2"]
[White "Vatter, Hans-Joachim"]
[Black "Wittfoth, Kai-Uwe"]
[Result "1-0"]
[WhiteElo "2362"]
[BlackElo "2151"]
[PlyCount "83"]
[EventDate "1998.03.05"]
[Source "ChessBase"]
[SourceDate "1998.04.29"]

1. e4 c6 2. c4 d5 3. cxd5 cxd5 4. exd5 Qxd5 5. Nc3 Qa5 6. d4 e6 7. Nf3 Nf6 8.
Bd3 Be7 9. O-O O-O 10. Qe2 Bd7 11. Be3 Bc6 12. Ne5 Nbd7 13. Nxc6 bxc6 14. a3
Nd5 15. Rac1 N7f6 16. Rc2 Rfd8 17. Ne4 Nxe4 18. Bxe4 Rac8 19. Rfc1 Nxe3 20.
fxe3 Bf6 21. Rxc6 Rxc6 22. Rxc6 Qa4 23. Qc2 Qxc2 24. Rxc2 Bg5 25. Kf2 f5 26.
Bf3 f4 27. exf4 Bxf4 28. g3 Bg5 29. Rc4 Bf6 30. Ke3 e5 31. d5 e4 32. Bg4 Bxb2
33. Be6+ Kf8 34. Rc7 Bxa3 35. Rf7+ Ke8 36. Rxg7 h6 37. Kxe4 a5 38. Rc7 Bb4 39.
Kf5 Bd2 40. h4 Rb8 41. g4 Rb1 42. d6 1-0

[Event "Bad Woerishofen op"]
[Site "?"]
[Date "2000.??.??"]
[Round "4"]
[White "Vatter, Hans-Joachim"]
[Black "Gutman, Lev"]
[Result "1-0"]
[WhiteElo "2362"]
[BlackElo "2488"]
[PlyCount "85"]
[EventDate "2000.??.??"]

1. e4 c5 2. Nf3 g6 3. d4 Bg7 4. d5 Nf6 5. Nc3 O-O 6. Be2 d6 7. O-O Bg4 8. Nd2
Bxe2 9. Qxe2 Na6 10. a4 Nd7 11. Nc4 Nb6 12. Ne3 Qd7 13. a5 Nc8 14. f4 Nc7 15.
f5 Ne8 16. Ng4 Nf6 17. Nh6+ Kh8 18. Bg5 b5 19. Nxb5 Rb8 20. c4 a6 21. Nc3 Ng8
22. Nxg8 Kxg8 23. h4 Qb7 24. Bc1 Bf6 25. g3 Na7 26. Kh1 Kh8 27. Rf2 Rg8 28. Bf4
Bd4 29. Rg2 Qd7 30. g4 Rb3 31. Rf1 f6 32. fxg6 Rxg6 33. Qf3 Rg8 34. g5 f5 35.
Bh2 f4 36. Qxf4 Bg7 37. Qf5 Qb7 38. Nd1 Qb4 39. Qe6 Qxc4 40. Rf7 Nc6 41. Qg4
Nd4 42. g6 h6 43. Qf4 1-0

[Event "Bad Woerishofen op"]
[Site "?"]
[Date "2000.??.??"]
[Round "6"]
[White "Vatter, Hans-Joachim"]
[Black "Graf, Christian"]
[Result "1-0"]
[WhiteElo "2362"]
[BlackElo "2222"]
[PlyCount "109"]
[EventDate "2000.??.??"]

1. e4 c6 2. c4 d5 3. cxd5 cxd5 4. exd5 Qxd5 5. Nc3 Qd8 6. d4 e6 7. Nf3 Nf6 8.
Bd3 Be7 9. O-O O-O 10. Bg5 Nc6 11. Qd2 Nb4 12. Bb1 Bd7 13. a3 Nbd5 14. Ne5 Rc8
15. Re1 Nxc3 16. bxc3 Nd5 17. Bxe7 Nxe7 18. Re3 Nc6 19. Rh3 f5 20. Nd3 b6 21.
Ba2 Rf6 22. Re1 Qf8 23. Nf4 Qd6 24. d5 Kh8 25. Rd3 Ne5 26. dxe6 Nxd3 27. exd7
Qxd7 28. Qxd3 Qxd3 29. Nxd3 g6 30. c4 Rd6 31. Ne5 Rd2 32. Bb3 Kg7 33. f4 Rb2
34. Ba4 Ra2 35. Bd7 Rd8 36. a4 Rd2 37. Bc6 Rc8 38. Bd5 Rc7 39. Ra1 h6 40. Nf3
Rb2 41. a5 bxa5 42. Rxa5 Re7 43. h4 Kf6 44. Ra6+ Rb6 45. Ra2 Rc7 46. Kf2 Rb3
47. Nd4 Rb1 48. Nb5 Rd7 49. Nxa7 Rh1 50. Ra6+ Kg7 51. Kg3 Re7 52. Nc6 Re3+ 53.
Kf2 Rc3 54. Ne5 Rb1 55. Rxg6+ 1-0

[Event "Bad Woerishofen op"]
[Site "?"]
[Date "2000.??.??"]
[Round "8"]
[White "Vatter, Hans-Joachim"]
[Black "Sprenger, Jan"]
[Result "1/2-1/2"]
[WhiteElo "2362"]
[BlackElo "2256"]
[PlyCount "109"]
[EventDate "2000.??.??"]

1. e4 c5 2. Nf3 Nc6 3. c3 Nf6 4. e5 Nd5 5. d4 cxd4 6. cxd4 d6 7. Bc4 Nb6 8. Bb5
dxe5 9. Nxe5 Bd7 10. Bxc6 Bxc6 11. O-O g6 12. Nc3 Bg7 13. Be3 O-O 14. Nxc6 bxc6
15. Rc1 Qd7 16. Qf3 Bxd4 17. Bxd4 Qxd4 18. Qxc6 Rfd8 19. Rfe1 Rac8 20. Qb5 e6
21. h3 Nd5 22. Nxd5 Qxd5 23. Qxd5 exd5 24. Rxc8 Rxc8 25. Re2 Kg7 26. Rd2 Rd8
27. Kf1 Kf6 28. Ke2 Ke5 29. Kd3 Kd6 30. Kc3 Rc8+ 31. Kd3 Rc1 32. h4 f5 33. Rc2
Rh1 34. g3 f4 35. gxf4 Rxh4 36. Ke3 Rh3+ 37. f3 Rh1 38. Rc3 Rb1 39. Ra3 Rxb2
40. Rxa7 h5 41. Ra6+ Ke7 42. Rxg6 Rxa2 43. f5 Ra4 44. Re6+ Kf7 45. Rd6 h4 46.
Rxd5 Kf6 47. Rb5 h3 48. Rb6+ Kxf5 49. Rh6 Ra3+ 50. Kf2 Ra2+ 51. Kg3 h2 52. Rh5+
Kg6 53. Rxh2 Rxh2 54. Kxh2 Kf5 55. Kg3 1/2-1/2

[Event "Bad Woerishofen op"]
[Site "Bad Woerishofen"]
[Date "2000.??.??"]
[Round "1"]
[White "Vettel, Matthias"]
[Black "Poehler, Margit"]
[Result "1-0"]
[WhiteElo "2206"]
[BlackElo "1798"]
[PlyCount "89"]
[EventDate "1998.03.05"]
[Source "ChessBase"]
[SourceDate "1998.04.29"]

1. e4 d6 2. d4 g6 3. Nc3 Bg7 4. Be3 Nd7 5. Nf3 e5 6. dxe5 dxe5 7. Bc4 Ngf6 8.
O-O O-O 9. Qd3 c6 10. Rad1 Qc7 11. a4 h6 12. h3 Kh7 13. Rfe1 Nh5 14. Qd6 Qxd6
15. Rxd6 f6 16. Red1 Nb6 17. Bb3 f5 18. a5 fxe4 19. Nh4 Nd5 20. Nxd5 cxd5 21.
Bxd5 Nf6 22. Be6 Bxe6 23. Rxe6 Rfe8 24. Rxe8 Nxe8 25. Rd7 a6 26. Rxb7 Nd6 27.
Rb6 Nc4 28. Rxg6 Nxa5 29. b3 Nb7 30. Rb6 Nd8 31. Nf5 Bf8 32. Nxh6 a5 33. Ng4 a4
34. bxa4 Rxa4 35. Nxe5 Bg7 36. Bf4 Ra5 37. Nc4 Rc5 38. Ne3 Ra5 39. c4 Nf7 40.
Re6 Ne5 41. Bxe5 Bxe5 42. g3 Rc5 43. Ng4 Bd4 44. Rxe4 Rxc4 45. Kg2 1-0

[Event "Bad Woerishofen op"]
[Site "?"]
[Date "2000.??.??"]
[Round "3"]
[White "Vettel, Matthias"]
[Black "Gossmann, Ewald"]
[Result "1-0"]
[WhiteElo "2206"]
[BlackElo "2075"]
[PlyCount "55"]
[EventDate "2000.??.??"]

1. e4 c6 2. d4 d5 3. Nc3 dxe4 4. Nxe4 Nd7 5. Ng5 Ngf6 6. Bd3 e6 7. N1f3 h6 8.
Nxe6 Qe7 9. O-O fxe6 10. Bg6+ Kd8 11. Bf4 Qb4 12. Re1 Be7 13. a3 Qb6 14. c4 Nf8
15. Bd3 Ke8 16. Ne5 g5 17. Bg3 Rg8 18. b4 Bd7 19. Nxd7 Kxd7 20. d5 cxd5 21.
cxd5 Ke8 22. dxe6 Rc8 23. Qa4+ Rc6 24. Bb5 a6 25. Bxc6+ bxc6 26. Rac1 Qb5 27.
Qxb5 cxb5 28. Rc8+ 1-0

[Event "Bad Woerishofen op"]
[Site "?"]
[Date "2000.??.??"]
[Round "5"]
[White "Vettel, Matthias"]
[Black "Heinbuch, Detlef"]
[Result "0-1"]
[WhiteElo "2206"]
[BlackElo "2394"]
[PlyCount "78"]
[EventDate "2000.??.??"]

1. e4 c6 2. d4 d5 3. Nc3 g6 4. Nf3 Bg7 5. h3 dxe4 6. Nxe4 Nd7 7. Bc4 Nb6 8. Bb3
a5 9. a3 Nf6 10. Nxf6+ exf6 11. O-O O-O 12. Re1 a4 13. Ba2 Nd5 14. c4 Nc7 15.
d5 c5 16. Bf4 Ne8 17. Qe2 Nd6 18. Qe7 Ra6 19. Rad1 Re8 20. Bxd6 Rxe7 21. Bxe7
Qb6 22. Bb1 Bd7 23. Rd2 Ra8 24. d6 Qb3 25. Be4 Qxc4 26. Bxb7 Rb8 27. Bd5 Qb5
28. Rc2 h5 29. Nd2 Be6 30. Bxe6 fxe6 31. Nc4 Kf7 32. Rd1 Bh6 33. Re1 e5 34. Rc3
Ke6 35. Rd1 Rb7 36. Rcd3 Rd7 37. Rf3 f5 38. Rc3 e4 39. Rc2 39... Qb3 {Zeit} 0-1

[Event "Bad Woerishofen op"]
[Site "?"]
[Date "2000.??.??"]
[Round "2"]
[White "von Saldern, Ruediger"]
[Black "Klein, Reinhard"]
[Result "1-0"]
[WhiteElo "1900"]
[BlackElo "1555"]
[PlyCount "61"]
[EventDate "2000.??.??"]

1. d4 g6 2. e4 d6 3. f4 Bg7 4. c3 Nf6 5. Bd3 O-O 6. Nf3 Nbd7 7. O-O c6 8. e5
Ne8 9. Qe2 e6 10. Be3 dxe5 11. fxe5 b5 12. Nbd2 a5 13. Ne4 f5 14. exf6 Ndxf6
15. Bg5 Qc7 16. Nc5 Qd6 17. Rae1 Ng4 18. h3 Bxd4+ 19. cxd4 Rxf3 20. gxf3 Qxd4+
21. Be3 Nxe3 22. Qxe3 Qxb2 23. Qe4 Ng7 24. Qxc6 Nh5 25. Nxe6 Bxe6 26. Qxa8+ Kf7
27. Qa7+ Kf6 28. Rxe6+ Kxe6 29. Re1+ Kd5 30. Qd7+ Kc5 31. Qe7+ 1-0

[Event "Bad Woerishofen op"]
[Site "?"]
[Date "2000.??.??"]
[Round "4"]
[White "von Saldern, Ruediger"]
[Black "Hofmann, Juergen"]
[Result "1/2-1/2"]
[WhiteElo "1900"]
[BlackElo "2200"]
[PlyCount "108"]
[EventDate "2000.??.??"]

1. d4 d5 2. c4 c6 3. Nc3 Nf6 4. Bg5 e6 5. e3 Nbd7 6. Nf3 Be7 7. Bd3 dxc4 8.
Bxc4 b5 9. Bd3 a6 10. O-O c5 11. Bxf6 Nxf6 12. dxc5 Bxc5 13. Ne4 Be7 14. Nxf6+
Bxf6 15. Qc2 Bb7 16. Rad1 Qd5 17. Qb1 Qc6 18. Rc1 Qb6 19. Rfd1 h6 20. b3 O-O
21. Be4 Bxe4 22. Qxe4 Qa5 23. Qb1 Rac8 24. Rxc8 Rxc8 25. h3 Qc3 26. Kh2 Qc7+
27. g3 Qc6 28. Kg2 g6 29. Qd3 Rd8 30. Qe2 Rc8 31. Qd3 Rd8 32. Qe2 Rxd1 33. Qxd1
e5 34. Kg1 e4 35. Nd4 Qd5 36. Kf1 Qd7 37. Qg4 Qxg4 38. hxg4 Be5 39. Ke2 Kf8 40.
Kd2 Ke8 41. Nc6 Bd6 42. Kc3 Kd7 43. Nd4 Bc7 44. Kb4 Bb6 45. a4 bxa4 46. bxa4
Kd6 47. Kc4 Ba5 48. Nc2 Bd2 49. Kd4 f5 50. gxf5 gxf5 51. Kc4 Ke5 52. Kc5 Bc3
53. Kb6 a5 54. Kc5 h5 1/2-1/2

[Event "Bad Woerishofen op"]
[Site "?"]
[Date "2000.??.??"]
[Round "6"]
[White "von Saldern, Ruediger"]
[Black "Wegener, Hans-Karl"]
[Result "1-0"]
[WhiteElo "1900"]
[BlackElo "2115"]
[PlyCount "53"]
[EventDate "2000.??.??"]

1. d4 Nf6 2. Nf3 g6 3. c4 c5 4. d5 Bg7 5. Nc3 e6 6. e4 exd5 7. exd5 O-O 8. Be2
Re8 9. O-O Ne4 10. Nxe4 Rxe4 11. Bg5 f6 12. Bd3 Re8 13. Be3 d6 14. h3 Nd7 15.
Qc2 Ne5 16. Nxe5 fxe5 17. Rae1 Bd7 18. Bc1 a6 19. Re3 Qh4 20. Rfe1 Rf8 21. Rg3
e4 22. Rxe4 Qh5 23. Be2 Rxf2 24. Kxf2 Qf5+ 25. Rf3 Bd4+ 26. Ke1 Qh5 27. Rf8+
1-0

[Event "Bad Woerishofen op"]
[Site "?"]
[Date "2000.??.??"]
[Round "8"]
[White "von Saldern, Ruediger"]
[Black "Urban, Rudi"]
[Result "1/2-1/2"]
[WhiteElo "1900"]
[BlackElo "2125"]
[PlyCount "51"]
[EventDate "2000.??.??"]

1. d4 Nf6 2. Nf3 c6 3. c4 d5 4. Nc3 e6 5. Bg5 Be7 6. e3 O-O 7. Rc1 a6 8. Bd3
Nbd7 9. b3 Re8 10. O-O Nf8 11. Bb1 h6 12. Bh4 Ng4 13. Bxe7 Qxe7 14. h3 Nf6 15.
Qe2 b5 16. Ne5 Bb7 17. c5 Rad8 18. f4 N6d7 19. Nf3 f5 20. g4 g6 21. Rf2 Kh7 22.
Rg2 a5 23. Kf2 Nf6 24. Rcg1 Ne4+ 25. Bxe4 dxe4 26. Ne5 1/2-1/2